Immunisatiom against infectious diseases / (Record no. 4235)
[ view plain ]
| 000 -LEADER | |
|---|---|
| fixed length control field | 00647nam a2200229 4500 |
| 003 - CONTROL NUMBER IDENTIFIER | |
| control field | OSt |
| 005 - DATE AND TIME OF LATEST TRANSACTION | |
| control field | 20160530184334.0 |
| 008 - FIXED-LENGTH DATA ELEMENTS--GENERAL INFORMATION | |
| fixed length control field | 160530b xxu||||| |||| 00| 0 eng d |
| 020 ## - INTERNATIONAL STANDARD BOOK NUMBER | |
| International Standard Book Number | 0113225288 |
| 040 ## - CATALOGING SOURCE | |
| Transcribing agency | 040a |
| 082 ## - DEWEY DECIMAL CLASSIFICATION NUMBER | |
| Classification number | QW 4 |
| Item number | 16i 2006 |
| 245 ## - TITLE STATEMENT | |
| Title | Immunisatiom against infectious diseases / |
| Statement of responsibility, etc. | David Salisbury, Mary Ramsay, Karen Noakes |
| 250 ## - EDITION STATEMENT | |
| Edition statement | 3rd.ed |
| 260 ## - PUBLICATION, DISTRIBUTION, ETC. (IMPRINT) | |
| Place of publication, distribution, etc. | London |
| Name of publisher, distributor, etc. | Stationary offfice |
| Date of publication, distribution, etc. | 2006 |
| 300 ## - PHYSICAL DESCRIPTION | |
| Extent | vii,468: |
| Dimensions | 8cm. |
| 504 ## - BIBLIOGRAPHY, ETC. NOTE | |
| Bibliography, etc | Includes index |
| 650 ## - SUBJECT ADDED ENTRY--TOPICAL TERM | |
| Topical term or geographic name as entry element | Infectious disease |
| 9 (RLIN) | 2475 |
| 700 ## - ADDED ENTRY--PERSONAL NAME | |
| Personal name | Salisbury, David |
| 9 (RLIN) | 9126 |
| 700 ## - ADDED ENTRY--PERSONAL NAME | |
| Personal name | Ramsay, Mary |
| 9 (RLIN) | 9127 |
| 700 ## - ADDED ENTRY--PERSONAL NAME | |
| Personal name | Noakes, Karen |
| 9 (RLIN) | 9128 |
| 942 ## - ADDED ENTRY ELEMENTS (KOHA) | |
| Source of classification or shelving scheme | Dewey Decimal Classification |
| Koha item type | Open Shelf |
| Withdrawn status | Lost status | Source of classification or shelving scheme | Damaged status | Not for loan | Home library | Current library | Date acquired | Inventory number | Total Checkouts | Full call number | Barcode | Date last seen | Price effective from | Koha item type |
|---|---|---|---|---|---|---|---|---|---|---|---|---|---|---|
| Dewey Decimal Classification | MUST Main Library | MUST Main Library | 30/05/2016 | 2009/31427 | QW 4 16i 2006 | 2016-2254 | 30/05/2016 | 30/05/2016 | Open Shelf | |||||
| Dewey Decimal Classification | MUST Main Library | MUST Main Library | 16/06/2016 | 2009/31972 | QW 4 16i 2006 | 2016-2536 | 16/06/2016 | 16/06/2016 | Open Shelf |
